Car Quiz (Hard) - Statistics

General Stats
  • This quiz has been taken 109 times
  • The average score is 15 of 20
Answer Stats
Picture Answer % Correct
Volkswagen
99%
Mercedes-Benz
95%
Toyota
95%
Audi
94%
Lamborghini
91%
Range Rover
85%
Ferrari
84%
Rolls-Royce
82%
Aston Martin
80%
Nissan
80%
Porsche
80%
Fiat
75%
Cadillac
73%
Citroën
67%
Jaguar
66%
Lancia
66%
Chevrolet
62%
Edsel
56%
Austin-Healey
39%
Daihatsu
33%
No matching quizzes found
Score Distribution
Percent of People with Each Score
Percentile by Number Answered
Your Score History
You have not taken this quiz